000 00557nam a2200169Ia 4500
008 090201s9999 xx 000 0 und d
010 _aKPL-42563
040 _bमराठी
041 _aमराठी
082 _a8288
_b42563
100 _aसुहास शिरवळकर
245 _aमर्डर हाऊस
_cसुहास शिरवळकर
260 _c2004
_bशब्द सन्मान प्रकाशन पुणे
300 _a182
_bमोठा
600 _aमर्डर हाऊस
942 _cBOOK
999 _c208902
_d208902